00501nam a2200145Ia 4500008004100000041000800041082001400049100002400063245004500087260004200132300003300174365000900207999001700216952012200233240624s9999 xx 000 0 und d aeng a332.1 TIB aTIBY AMR MOHAMED EL aISLAMIC BANKING HOW TO MANAGE RISK AND I c2011aNew JerseybJohn Wiley and Sons axxiii, : 211 : p. : cm. ; 23 cb27 c16878d16878 00104070aIMTNbIMTNcRack 9-Bd2011-03-28eBWEg69.95o332.1 TIBp16878r2024-06-24 00:00:00t47.9w2024-06-24yBK